01215nam a2200241Ia 4500001000600000003000900006008004100015040001300056040001300069041001300082100001100095100002900106245006900135245006800204250001100272260000900283260002800292260004900320300005700369500048800426650002800914650003100942A0457IT-RoPAU130308s9999 xx 000 0 und d aIT-RoPAU cIT-RoPAU aITALIANO aAA.VV. gCodice Aut. SPICS: 12000 aDavid Lynch: film. Visioni e incubi da Six figures a Twin Peaks bDavid Lynch: Film. visioni e incubi da Six Figures a Twin Peaks a1a ed. aROMA bSorbini Stefano Editore c1991 [1° Ed.:1991 - Ed.Ling.Originale:1991] a"128 p. (prefazione: no ; testo: 128 [pagine: 0-0])" aMonografia su David Lynch Uno dei Piu' Inquietanti e Originali Registi. Sene Ripercorre la Storia Attraverso I Suoi Film Dai Primi cortometraggi Agli Attuali successi Televisivi. scritti Autobiografici e Sul Proprio Cinema.Parla di Se', dei Suoi Personaggi e dei Suoi Film: The Elephant Man, Dune,Blue Velvet, Wild At Heart. Biografia di David Lynch. Velluto Blu Alla Moviola. Perversioni Lynciane. Patologie, Sogni e Immaginazione. Filmografia. Lynch e la Pubblicità. Videografia. aAUTORI/OPERE DEL CINEMA eCodice materia Spics: 6807